| 000 | 01010nam a22003017a 4500 | ||
|---|---|---|---|
| 001 | 9726 | ||
| 003 | FISKH | ||
| 005 | 20260130123238.0 | ||
| 008 | 260130b cb ||||| |||| 00| 0 eng d | ||
| 020 | _a9780439322973 | ||
| 040 |
_aFISKH _beng _cFISKH _dFISKH |
||
| 050 | _aPZ8.3 .H965 .T | ||
| 082 | _a513.211 | ||
| 100 | _aHutchins , Pat | ||
| 245 |
_aTen red apples / _cBy Pat Hutchins |
||
| 250 | _aFirst Scholastic printing , September 2001 | ||
| 260 |
_aNew York : _bHarperCollins Publishers , _c2000. |
||
| 300 |
_a23 unnumbered pages : _bcolor illustrations ; _c20 X 25 cm . |
||
| 505 | _aG | ||
| 520 | _aIn rhyming verses, one animal after another neighs, moos, oinks, quacks and makes other appropriate sounds as each eats an apple from the farmer's tree. | ||
| 521 | 8 |
_a360
_bLexile AD |
|
| 521 | 8 |
_aG
_bRaz-Plus |
|
| 650 |
_aCounting _vChildren's Book |
||
| 650 |
_aFall _vChildren's Book |
||
| 650 |
_aFarm _vChildren's Book |
||
| 942 |
_2ddc _cBK _n0 |
||
| 999 |
_c9726 _d9726 |
||